000 nam a22 7a 4500
999 _c29101
_d29101
008 171106b xxu||||| |||| 00| 0 eng d
020 _a9788122411355
050 _aTA 439 .K 2012
100 _aKulkarni
_d2012
245 _aTextbook of concrete Technology/
_cKulkarni,P.D
250 _a1st ed
260 _aIndia:
_bNew Age,
_c2012.
300 _a328p.:
_bill.;
_c28cm
650 _aBuilding.
942 _2lcc
_cBOOKS
_hTA 439 .K 2012
_04